| 000 | 00361pab a2200145 454500 | ||
|---|---|---|---|
| 008 | 180718b1987 xxu||||| |||| 00| 0 eng d | ||
| 100 | _aMaheshwari, J.K. | ||
| 245 |
_aTribal ecosystem _bAn overview |
||
| 260 | _c1987 | ||
| 300 | _a1-4 | ||
| 362 | _aMarch | ||
| 650 | _aTribes and Tribal System - India | ||
| 773 | _aTribal Research Bulletin | ||
| 909 | _a19679 | ||
| 999 |
_c19679 _d19679 |
||